000 01138nam a2200217Ia 4500
003 OSt
005 20210415143240.0
008 210310s1979 ck gr 000 0 spa d
040 _aCO-JMCR
_cCO-JMCR
041 0 _aspa
082 0 4 _a343.8 /
_bB928e
_223
100 1 _aBueno Miranda, Guillermo,
_914941
_eautor
245 1 0 _aEstructura de los impuestos departamentales :
_bfundamentos de una reforma /
_cGuillermo Bueno Miranda
260 _aBogotá :
_bPontificia Universidad Javeriana,
_c1979
300 _b[239] páginas ;
_c28 cm.
504 _aBibliografía: páginas [237-239]
505 0 _aImpuesto al consumo de tabaco -- Impuesto de consumo a la cerveza -- Impuesto de consumo a los licores nacionales -- Impuesto de consumo a los licores extranjeros -- Impuesto de consumo a los vinos nacionales -- Impuesto de consumo a los vinos extranjeros -- Impuesto al consumo de cigarrillos extranjeros -- Otros impuestos departamentales -- Estructura fiscal de los departamentos -- Fundamentos de una reforma
650 1 4 _aVenta
_914943
_vReforma
_zColombia
650 2 4 _aImpuesto al consumo
_xReforma
_zColombia
_936886
942 _2ddc
_cBK
999 _c7613
_d7613